| 000 | 00369nam a22001337a 4500 | ||
|---|---|---|---|
| 003 | URS | ||
| 005 | 20250507215553.0 | ||
| 008 | 250507b |||||||| |||| 00| 0 eng d | ||
| 040 | _cURS | ||
| 100 | 1 | _aWallace, Graham | |
| 245 | 1 | 0 | _aThe Future for the cross channel ferry market |
| 773 | 0 |
_082824 _975349 _oPIL-13541110-29-1 _tBusiness review _x13541110 |
|
| 942 |
_2ddc _cCR |
||
| 999 |
_c82856 _d82855 |
||